000
00223 a2200097 4500
001
47081
100
_a
Tarr D
245
_a
American Strategy in the Nuclear Age
260
_a
New York
_b
Macmillan
_c
090
_c
30145
_d
30145
942
_a
NUST-CAE
_c
M
_c
22387
999
_c
282154
_d
282154